Los r̀idos reciclados en las especificaciones tčnicas del hormign̤

Saved in:
书目详细资料
其他作者: YouTube
格式: 图书
语言:西班牙语
主题:
在线阅读:Los r̀idos reciclados en las especificaciones tčnicas del hormign̤
标签: 添加标签
没有标签, 成为第一个标记此记录!

MARC

LEADER 00000nam a22000004a 4500
001 vpro12579
005 20201223000000.0
008 180301s2018 ck # g## #001 0#spa#d
020
022
040 |a CO-BoINGC 
041 0 |a spa 
245 1 0 |a Los r̀idos reciclados en las especificaciones tčnicas del hormign̤ 
246 |a Recycled Aggregates in Concrete Technical Specifications 
264 |a Bogot ̀(Colombia) :  |b Revista VirtualPRO,  |c 2018 
520 3
650 \ \ |a Sostenibilidad 
650 \ \ |a Industria de la construccin̤ 
650 \ \ |a Sustainability 
650 \ \ |a Construction industry 
650 \ \ |a sostenibilidad 
650 \ \ |a construccin̤ sostenible 
650 \ \ |a materiales de construccin̤ sostenibles 
650 \ \ |a sustainability 
650 \ \ |a sustainable construction 
650 \ \ |a sustainable construction materials  
700 \ \ |a YouTube 
856 |z Los r̀idos reciclados en las especificaciones tčnicas del hormign̤  |u https://virtualpro.unach.elogim.com/biblioteca/los-aridos-reciclados-en-las-especificaciones-tecnicas-del-hormigon